| Tag |
First Indicator |
Second Indicator |
Subfields |
| LEADER |
00000cam a2200000Ia 4500 |
| 001 |
in00001750488 |
| 005 |
20151025051547.0 |
| 008 |
030430s1843 enka 000 0 eng d |
| 035 |
|
|
|a (OCoLC)ocm52158151
|
| 040 |
|
|
|a TXA
|c TXA
|d UtOrBLW
|
| 041 |
1 |
|
|a eng
|h ger
|
| 049 |
|
|
|a TXAM
|
| 090 |
|
|
|a E165
|b .W65 1843
|
| 100 |
1 |
|
|a Wied, Maximilian,
|c Prinz von,
|d 1782-1867.
|
| 240 |
1 |
0 |
|a Reise in das innere Nord-America in den Jahren 1832 bis 1834.
|l English
|
| 245 |
1 |
0 |
|a Travels in the interior of North America /
|c by Prince Maximilian ; translated from the German by Lloyd ; [illustrations by Karl Bodmer].
|
| 246 |
1 |
8 |
|a Travels in North America
|
| 264 |
|
1 |
|a London :
|b Ackerman,
|c [1843]
|
| 300 |
|
|
|a x, 520 pages :
|b illustrations ;
|c 32 cm.
|
| 336 |
|
|
|a text
|b txt
|2 rdacontent
|
| 337 |
|
|
|a unmediated
|b n
|2 rdamedia
|
| 338 |
|
|
|a volume
|b nc
|2 rdacarrier
|
| 500 |
|
|
|a The appendix on Indian languages and some matters of detail are omitted in translation.
|
| 651 |
|
0 |
|a United States
|x Description and travel.
|
| 650 |
|
0 |
|a Indians of North America.
|
| 650 |
|
0 |
|a Natural history
|z United States.
|
| 700 |
1 |
|
|a Lloyd, Hannibal Evans,
|d 1771-1847.
|
| 700 |
1 |
|
|a Bodmer, Karl,
|d 1809-1893.
|
| 994 |
|
|
|a E0
|b TXA
|
| 948 |
|
|
|a cataloged
|b h
|c 2003/4/30
|d c
|e mzajicek
|f 2:44:08 pm
|
| 999 |
|
|
|a MARS
|
| 999 |
f |
f |
|s 4d69951e-6fc3-34fc-89b4-469030525537
|i 549870e0-9a2b-3f52-aeae-5dab1e058491
|t 0
|
| 952 |
f |
f |
|p noncirc
|a Texas A&M University
|b College Station
|c Cushing Memorial Library & Archives
|d Cushing: Kelsey Americana (Does not check out)
|t 0
|e E165 .W65 1843
|f OVERSIZE
|h Library of Congress classification
|i unmediated -- volume
|
| 998 |
f |
f |
|a E165 .W65 1843
|t 0
|l Cushing: Kelsey Americana (Does not check out)
|